Great Lakes States by Coastline - Statistics

General Stats
  • This quiz has been taken 10 times
  • The average score is 7 of 8
Answer Stats
Coastline in miles State % Correct
3,224 Michigan/MI
100%
820 Wisconsin/WI
100%
63 Illinois/IL
90%
547 Minnesota/MN
90%
445 New York/NY
90%
312 Ohio/OH
90%
45 Indiana/IN
80%
57 Pennsylvania/PA
80%
No matching quizzes found
Score Distribution
Percent of People with Each Score
Percentile by Number Answered
Your Score History
You have not taken this quiz